00606 a2200217 4500003000500000005001700005010001700022020001800039040000900057082001000066100001900076245008800095250001200183260004400195300003500239500002000274650003600294650002300330700001800353700001700371Nust20170207171534.0 a 2010481199 a9780071626774 cNust00a005.81 aPhilipp, Aaron10aHacking exposed computer forensics (EBOOK)cAaron Philipp, David Cowen, Chris Davis a2nd ed. aNew York :bMcGraw-Hill/Osborne,c2010. axxiv, 518 p. :bill. ;c24 cm. aIncludes index. 0aComputer crimesxInvestigation. 0aComputer security.1 aCowen, David.1 aDavis, Chris